Ownership and partnership what role for civil society in poverty reduction strategies?

Saved in:
Bibliographic Details
Corporate Author: OECD. Development Centre
Other Authors: Smillie, Ian, Solignac Lecomte, Henri-Bernard
Format: Book
Language:English
Published: Paris OECD 2003
Series:Development Centre studies
Subjects:
Tags: Add Tag
No Tags, Be the first to tag this record!

MARC

LEADER 00000nam$a2200000$$$4500
001 0020825
005 20240104133132.7
020 |a 92-64-01940-5 
041 0 |a eng 
044 |a FR 
245 1 0 |a Ownership and partnership  |b what role for civil society in poverty reduction strategies?  |c edited by Ian Smillie and Henri-Bernard Solignac Lecomte 
264 1 |a Paris  |b OECD  |c 2003 
300 |a 101 s. 
490 1 |a Development Centre studies 
830 0 |a Development Centre studies 
610 2 0 |a vlastníctvo 
610 2 0 |a chudoba 
610 2 0 |a spoločnosť občianska 
610 2 0 |a pomoc rozvojová 
610 2 0 |a situácia sociálna 
610 2 0 |a Svetová banka 
610 2 0 |a sústava výchovno-vzdelávacia 
610 2 0 |a Ghana 
610 2 0 |a Uganda 
610 2 0 |a Tanzánia 
610 2 0 |a OECD 
700 1 |a Smillie, Ian 
700 1 |a Solignac Lecomte, Henri-Bernard 
710 2 |a OECD. Development Centre